| 000 | 00402nam a2200181Ia 4500 | ||
|---|---|---|---|
| 001 | 15923 | ||
| 005 | 20260306170231.0 | ||
| 008 | 260306t2010||||xx |||||||||||||| ||und|| | ||
| 041 | _aESP | ||
| 082 |
_a620.82 _bC92 |
||
| 100 |
_aCruz Gómez , J. Alberto _eAUT |
||
| 245 | 0 | _aErgonomía aplicada | |
| 260 | _c2010 | ||
| 300 |
_a _c |
||
| 650 | _aGEN | ||
| 654 | _aCII | ||
| 942 |
_cLIB _dJUS _fJUS _2ddc _n |
||
| 999 |
_c15923 _d15923 |
||